000 00753nam a2200265Ia 4500
001 Para_3879
003 CHAP
008 220125s1936 xx 000 0 und d
010 _a201857
040 _cCHAP
090 _aPA FOLLETO 1103
100 _aWalker, M. N
_9120882
245 _aA wilt-resistant water melon for Florida /
_c by M. N. Walker
260 _aGainesville, Florida :
_b Agricultural Experiment Station
300 _a13 p.
440 _aFlorida Agr. Exp. Sta. Bulletin; 288
_9166815
650 _aSandía
_x Enfermedades
_9102063
901 _aPA FOLLETO 1103
902 _aA
905 _a0000001936 GAI 0000000000 00
910 _a1936
942 _cPARA
942 _cPARA
_d1
999 _c201857
_d201857